| 000 | 00416nam a2200157Ia 4500 | ||
|---|---|---|---|
| 008 | 220216s9999 xx 000 0 und d | ||
| 100 | _aMunaweera D | ||
| 245 | 0 | _aCompounding, processing and materials for tyre treads | |
| 260 |
_bRubber Research Institute of Sri Lanka Bulletin _c1977 |
||
| 300 | _a87-89 | ||
| 650 | _aCompounding | ||
| 650 | _aFiller | ||
| 650 | _aProcessing | ||
| 650 | _aTyre | ||
| 942 | _cJS | ||
| 999 |
_c56121 _d56121 |
||